Word Ladder: EE Words Quiz Stats

Quiz Updated Jul 17, 2015

Challenge
Share
Tweet
Embed
Score 0/30 Timer 04:00
3 Plays Today
Hint 4-Letter Word % Correct
This is a person who’s almost twentyTEEN
95.5%
Hops & yeast are part of its recipeBEER
95.4%
A nerd, or dweeb, or computer techieGEEK
95.2%
Vegetable of the onion familyLEEK
94.3%
Borscht is an end point for this root veggieBEET
94.3%
Rind of an orange, apple, or kiwiPEEL
92.7%
Bumblers who fill their home up with honeyBEES
92.4%
Span of seven days (not four, nine, or three)WEEK
92.4%
Garden plant that you're not happy to seeWEED
91.9%
Provide a meal for someone’s bellyFEED
91.7%
A sideways glance that is often creepyLEER
91.6%
To ooze, or to pass through graduallySEEP
91.4%
To perceive something emotionallyFEEL
91.2%
Suggest, or look like, or appear to beSEEM
89.1%
Encounter someone and say a 'howdy'MEET
88.4%
Hint 4-Letter Word % Correct
A coral mass that's found under the seaREEF
87.8%
One of twelve equals found on a juryPEER
87.3%
What the Road Runner might say to Wile E.MEEP
86.2%
Complaint, like something Nas had with Jay-ZBEEF
86%
Burst at the seams; to flow copiouslyTEEM
85.4%
To do the inverse of setting it freeKEEP
81.6%
Humble and docile, perhaps overlyMEEK
80.1%
One who’s a heartbeat from presidencyVEEP
79.7%
To sharply alter your trajectoryVEER
79.6%
Wit is like this in the sly and brainyKEEN
78.9%
An action or feat, a fait accompliDEED
77.6%
The Rick who hosts the Weekly Top 40DEES
76.3%
Trip up and stumble and sway dizzilyREEL
68.7%
Hear someone's point and then choose to agreeHEED
63.2%
Opposite end from the little piggyHEEL
59.2%

Today's Daily Dose

Missing Word
Jazz Songs 'C'

On This Day
January 18th

You're not logged in!

Compare scores with friends on all Sporcle quizzes.
Sign Up with Email
OR
Log In

You Might Also Like...

Show Comments

Extras

Top Quizzes Today


Score Distribution

Your Account Isn't Verified!

In order to create a playlist on Sporcle, you need to verify the email address you used during registration. Go to your Sporcle Settings to finish the process.